|
|
|
|
| LEADER |
00000naa a2200000uu 4500 |
| 001 |
vtls010961896 |
| 003 |
SK-MaSNL |
| 005 |
20260302121151.0 |
| 008 |
210907|2000 xo |||||||||||||||||pol| |
| 015 |
|
|
|a SNBRA
|
| 035 |
|
|
|a (urnnbn)urn:nbn:sk:snk:ar-a0bshj
|
| 035 |
|
|
|a (uuid)b4653658-1a65-4205-baac-1785bdbbb0e7
|
| 035 |
|
|
|a urn:nbn:sk:snk-aauk4s
|
| 040 |
|
|
|a SNKBUCL
|b slo
|c SNKBUCL
|e AACR2
|
| 041 |
0 |
|
|a pol
|
| 044 |
|
|
|a xo
|c SK
|
| 100 |
1 |
|
|a Zaborski, Andrzej
|4 aut
|9 798269
|
| 245 |
1 |
0 |
|a STAN TECHNOLOGICZNEJ WARSTWY WIERZCHNIEJ JAKO REZULTAT PROCESU DEFORMACJI
|c Andrzej Zaborski, Krzysztof Tubielewicz
|
| 246 |
3 |
|
|a STAV POVRCHOVEJ VRSTVY AKO VÝSLEDOK DEFORMAČNÉHO PROCESU
|
| 246 |
3 |
|
|a THE STATE OF THE UPPER LAYER AS THE RESULT OF THE DEFORMATION PROCESS
|
| 700 |
1 |
|
|a Tubielewicz, Krzysztof
|4 aut
|9 798268
|
| 773 |
0 |
|
|t Rozvoj technológie obrábania RTO 2000
|d Košice : Technická univerzita, 2000, 2000
|g S. 118-123
|z 807099505X
|
| 958 |
|
|
|a OND
|
| 958 |
|
|
|a article11
|
| 958 |
|
|
|a chapter
|
| 999 |
|
|
|c 1272829
|d 1274759
|